| 000 | 00541nam a22001697a 4500 | ||
|---|---|---|---|
| 003 | MACL | ||
| 005 | 20160512153633.0 | ||
| 008 | 160512b xxu||||| |||| 00| 0 eng d | ||
| 040 | _cMACL | ||
| 041 | _aHindi | ||
| 082 | _a891.431 PUS | ||
| 100 |
_aपुष्कर _948192 |
||
| 245 |
_aविधालयों में प्रार्थनाऍ _cपुष्कर |
||
| 260 |
_aउदयपुर _bअंकुर प्रकाशन _c2010 |
||
| 650 |
_aप्रार्थनाऍ _956454 |
||
| 942 |
_2ddc _cHIN |
||
| 999 |
_c53961 _d53961 |
||